00922nab a22002177a 4500999001500000003000400015005001700019008004100036040000700077100003100084245013900115260007200254300001300326500003800339505008900377650002600466650003100492650002400523773014400547942001300691 c5708d5708OSt20251230232853.0190605e xxu||||| |||| 00| 0 spa d cPJ 96638aPanozzo, Octavio R. 10aTransición legal, Seguridad Jurídica y la Ley de Bases : buna revisión de las indemnizaciones derogadas /cOctavio R. Panozzo. aCiudad Autónoma de Buenos Aires :bThomson Reuters La Ley,c2024. ap. 35-37 aCita: TR LALEY AR/DOC/2038/2024  t¿Te interesa el texto completo? Solicitalo al correo: koha@justierradelfuego.gov.ar 091316aDERECHO LABORAL 091803aRELACIONES LABORALES 091382aINDEMNIZACION0 0271193168dCiudad Autónoma de Buenos Aires : Thomson Reuters La Ley, 1999-2002.tRevista de derecho del trabajo. Nº 5 - Septiembre 2024 2udccANA